Response to land degradation / (Record no. 18601)
[ view plain ]
| 000 -LEADER | |
|---|---|
| fixed length control field | 00546pam a22001934a 4500 |
| 020 ## - INTERNATIONAL STANDARD BOOK NUMBER | |
| ISBN | 157808153X |
| 020 ## - INTERNATIONAL STANDARD BOOK NUMBER | |
| ISBN | 1578081521 (pbk. : alk. paper) |
| 040 ## - CATALOGING SOURCE | |
| Transcribing agency | DLC |
| 082 00 - DEWEY DECIMAL CLASSIFICATION NUMBER | |
| Classification number | 333 SCI 2001 C148 Or. |
| 245 00 - TITLE STATEMENT | |
| Title | Response to land degradation / |
| 260 ## - PUBLICATION, DISTRIBUTION, ETC. (IMPRINT) | |
| Place of publication | Enfield, NH : |
| Name of publisher | Science Publishers, |
| Year of publication | 2001 |
| 300 ## - PHYSICAL DESCRIPTION | |
| Number of Pages | xxii, 519 p. : |
| Other physical details | ill. (some col.), maps (some col.) ; |
| Dimensions | 24 cm |
| 650 #0 - SUBJECT ADDED ENTRY--TOPICAL TERM | |
| Topical Term | Soil degradation |
| 650 #0 - SUBJECT ADDED ENTRY--TOPICAL TERM | |
| Topical Term | Soil conservation |
| 650 #0 - SUBJECT ADDED ENTRY--TOPICAL TERM | |
| Topical Term | Land degradation |
| 650 #0 - SUBJECT ADDED ENTRY--TOPICAL TERM | |
| Topical Term | Land use |
| 700 1# - ADDED ENTRY--PERSONAL NAME | |
| Personal name | Bridges, E. M. |
| 942 ## - ADDED ENTRY ELEMENTS (KOHA) | |
| Koha item type | ADB |
| 952 ## - LOCATION AND ITEM INFORMATION (KOHA) | |
| Withdrawn status [LOCAL, KOHA] | 0 |
| Source of acquisition | Permanent Location | Date acquired | Koha item type | Lost status | Shelving location | Current Location | Full call number |
|---|---|---|---|---|---|---|---|
| A35406 | Library Block C | 2019-12-25 | សៀវភៅភាសាអង់គ្លេស | C148 | Library Block C | 333 SCI 2001 C148 Or. |